| 000 | 01277nam0a22003011 4500 | ||
|---|---|---|---|
| 001 | rc\4840253 | ||
| 005 | 20260406184515.0 | ||
| 021 |
_aRU _b[68-35824] |
||
| 035 | _a(NLR Aleph) 008893109 | ||
| 090 |
_a8655112 _c8655112 |
||
| 100 | _a20130426d1968 |||y0rusy50 ca | ||
| 101 | 0 | _arus | |
| 102 | _aRU | ||
| 105 | _ay z ||||| | ||
| 200 | 1 |
_aТехнический прогресс и структурные изменения в промышленности _e[Сборник статей] _fПод ред. Лебедева В.Г. и Полторыгина В.К. _gАкад. обществ. наук при ЦК КПСС. Кафедра экон. наук |
|
| 210 |
_aМосква _cМысль _d1968 |
||
| 215 |
_a239 с. _d21 |
||
| 606 |
_aТехнический прогресс в СССР _2psbo |
||
| 607 |
_aПромышленность СССР _2psbo |
||
| 702 | 1 |
_aЛебедев _bВ.Г. _gВиктор Георгиевич _4340 |
|
| 702 | 1 |
_aПолторыгин _bВ.К. _4340 |
|
| 712 | 0 | 2 |
_aАкадемия общественных наук _cМосква _bКафедра экон. наук _3RU\NLR\AUTH\889949871 _9395474 |
| 801 | 0 |
_aRU _bNLR _gpsbo |
|
| 801 | 1 |
_aRU _bELAR _2rusmarc |
|
| 852 |
_aNLR _j68-3/3210 |
||
| 942 | _cBOOK | ||
| 980 | _aNB | ||